000 00348nam a2200169Ia 4500
100 _aRathbone/Andy
650 _aWindows 7
942 _cBK
366 _f25
654 _awindows 7
245 _aWindows 7 for dummies
260 _bWiley India
_c2009
082 _a5.13
_bRAT
300 _a414
546 _aENGLISH
_cPAMPHALETS
999 _c30232
_d30232